<The> Problem of value, valuation and human resources

Gespeichert in:
Bibliographische Detailangaben
1. Verfasser: Rugina, Anghel N.
Weitere Verfasser: Mass, Boston
Format: Buch
Sprache:Englisch
Veröffentlicht: México Colegio Nacional de Economistas 1980
Tags: Tag hinzufügen
Keine Tags, Fügen Sie das erste Tag hinzu!

MARC

LEADER 00000nam a2200000 4500
001 c140555
005 20041019155319.3
041 0 |a eng 
044 |a MX 
245 1 0 |a <The> Problem of value, valuation and human resources  |c Anghel N. Rugina, Boston Mass 
264 1 |a México  |b Colegio Nacional de Economistas  |c 1980 
300 |a 49 s. 
100 1 |a Rugina, Anghel N. 
700 1 |a Mass, Boston